• 首页
  • 本馆介绍
  • 公告通知
  • 最新文献
  • 馆藏检索
  • 电子资源
  • 读者导购
  • 参考咨询
  • 我的图书馆
  • 登录
  • 详细信息显示
  • 放入我的书架
  • 预约/预借图书
  • 作者相关作品
  • 分类相关作品
  • 丛书相关作品
  • 出版社相关作品

书目信息

  • 表格格式
  • 工作单格式
  • 卡片格式
题名:
李达文集
    
 
作者: 李达文集《编辑组》编
分册: 第二卷  
出版信息: 北京   人民出版社  1980
页数: 3册
开本: 21cm
丛书名:
单 册:
中图分类: Z427 , B02
科图分类:
主题词: 辩证唯物主义
电子资源:
ISBN:
000 00592nam0 2200241 45
001 1233921171
005 20090929162142.43
010    @dCNY2.55@b精装
091    @aCN@b17001.72(2)
100    @a19950527d1980 emky0chiy0121 ea
101 0  @achi
102    @aCN@b110000
105    @ay z 000yy
200 10 @a李达文集@Ali da wen ji@h第二卷@f李达文集《编辑组》编
210    @a北京@c人民出版社@d1980
215    @a3册@d21cm
600  0 @a李达@x文集
606 0  @a辩证唯物主义
690    @aZ427@v3
690    @aB02@v4
801  0 @aCN@bTSSF
801  2 @aCN@bNLC
905    @a10447@dB02@eJY20:2
    
    李达文集.第二卷/李达文集《编辑组》编.-北京:人民出版社,1980
    3册;21cm
    
    
    ISBN (精装):CNY2.55
    
●
相关链接 在E读中查询图书 在五车中查询图书 在当当中查询图书 在豆瓣中查询图书


正题名:李达文集     索取号:B02/JY20:2         预约/预借

序号 登录号 条形码 馆藏地/架位号 状态 备注
1 7809529   278095295   学院路分馆/ [索取号:B02/JY20:2] 在馆    
2 7809530   278095302   学院路分馆/ [索取号:B02/JY20:2] 在馆    
3 7809531   278095311   学院路分馆/ [索取号:B02/JY20:2] 在馆    
唐山师范学院图书馆 欢迎您!
大连网信软件有限公司© 版权所有